000 00280nam a22000857a 4500
008 160912b xxu||||| |||| 00| 0 eng d
100 _9378
_aVerma, N
245 _aTogether With Hands-on Grammar English Work Book - 5 (Teacher's Copy)
260 _aNew Delhi
_bRachna Sagar publication
_c2008
999 _c3037
_d3037